La cuestión de Santo Domingo 1849-1865 / (Registro nro. 30935)
[ vista simple ]
| 000 -CABECERA | |
|---|---|
| campo de control de longitud fija | 00957nam a2200241 u 4500 |
| 001 - NÚMERO DE CONTROL | |
| campo de control | 000031443 |
| 005 - FECHA Y HORA DE LA ÚLTIMA TRANSACCIÓN | |
| campo de control | 20200930062931.0 |
| 008 - DATOS DE LONGITUD FIJA--INFORMACIÓN GENERAL | |
| campo de control de longitud fija | 090706s1955 dr r 000 0 spa d |
| 040 ## - FUENTE DE LA CATALOGACIÓN | |
| Centro catalogador/agencia de origen | DO-SdBNP |
| Lengua de catalogación | spa |
| Centro/agencia transcriptor | BNPHU |
| 082 ## - NÚMERO DE LA CLASIFICACIÓN DECIMAL DEWEY | |
| Número de clasificación | 972.9304 |
| Número de documento/Ítem | P448c |
| 049 ## - FONDOS LOCALES (OCLC) | |
| Fondos de biblioteca | BNPD |
| 100 1# - ENTRADA PRINCIPAL--NOMBRE DE PERSONA | |
| Nombre de persona | Perkins, Dexter |
| 9 (RLIN) | 9345 |
| 245 13 - MENCIÓN DE TÍTULO | |
| Título | La cuestión de Santo Domingo 1849-1865 / |
| Mención de responsabilidad, etc. | Dexter, Perkins/traduccida por George L. Lockward y Enrique Ap. Henríquez. |
| 260 ## - PUBLICACIÓN, DISTRIBUCIÓN, ETC. | |
| Lugar de publicación, distribución, etc. | Ciudad Trujillo, República Dominicana : |
| Nombre del editor, distribuidor, etc. | Montalvo, |
| Fecha de publicación, distribución, etc. | 1955. |
| 300 ## - DESCRIPCIÓN FÍSICA | |
| Extensión | 434 p. ; |
| Dimensiones | 21 cm. |
| 500 ## - NOTA GENERAL | |
| Nota general | Incluye referencia bibliográficas y notas al pie de páginas |
| 500 ## - NOTA GENERAL | |
| Nota general | Traducción del quinto capítulo la famosa monografía The Monroe Doctrine, 1826-1867 |
| 650 #4 - PUNTO DE ACCESO ADICIONAL DE MATERIA--TÉRMINO DE MATERIA | |
| Término de materia o nombre geográfico como elemento de entrada | Doctrina de moroe |
| 9 (RLIN) | 57848 |
| 651 #4 - PUNTO DE ACCESO ADICIONAL DE MATERIA--NOMBRE GEOGRÁFICO | |
| Nombre geográfico | República Dominicana |
| Subdivisión general | Historia |
| 9 (RLIN) | 170 |
| 700 12 - PUNTO DE ACCESO ADICIONAL--NOMBRE DE PERSONA | |
| Nombre de persona | Lockward, George L. |
| Término indicativo de función/relación | trad. |
| 9 (RLIN) | 57849 |
| 700 12 - PUNTO DE ACCESO ADICIONAL--NOMBRE DE PERSONA | |
| Nombre de persona | Henríquez, Enrique Ap. |
| Término indicativo de función/relación | trad. |
| 9 (RLIN) | 57850 |
| 910 ## - DATOS DE OPCIÓN DEL USUARIO (OCLC) | |
| Datos de opción del usuario | Validado. Control de calidad MFF |
| Estado de retiro | Estado de pérdida | Restricciones de uso | No para préstamo | Código de colección | Localización permanente | Ubicación/localización actual | Ubicación en estantería | Fecha de adquisición | Número de inventario | Total de préstamos | Signatura topográfica completa | Código de barras | Fecha visto por última vez | Precio válido a partir de | Tipo de ítem Koha | Nota pública | Número de copia |
|---|---|---|---|---|---|---|---|---|---|---|---|---|---|---|---|---|---|
| Excluido de préstamo | Raros y valiosos | Patrimonio Dominicano | Patrimonio Dominicano | Depósito | 22.06.2011 | LF1 | 972.9304 P448c | 31443-10 | 25.06.2020 | 25.06.2020 | No se presta | Perteneció a la biblioteca personal de Germán Emilio Ornes | |||||
| Excluido de préstamo | Raros y valiosos | Patrimonio Dominicano | Patrimonio Dominicano | Depósito | 22.06.2011 | LF1 | 972.9304 P448c | 31443-20 | 25.06.2020 | 25.06.2020 | No se presta | Perteneció a la biblioteca personal de Julio Ortega Frier | e. 2 |
